Магнитная обработка водно-дисперсных систем

Detalles Bibliográficos
Autor Principal: Миненко В. И. Василий Иванович
Idioma:ruso
Publicado: Киев, Технiка, 1970
Subjects:
Formato: Libro
KOHA link:https://koha.lib.tpu.ru/cgi-bin/koha/opac-detail.pl?biblionumber=90206

MARC

LEADER 00000nam0a2200000 4500
001 90206
005 20231031103405.0
035 |a (RuTPU)RU\TPU\book\96744 
090 |a 90206 
100 |a 20060207d1970 m y0rusy50 ca 
101 0 |a rus 
102 |a UA 
105 |a a z 001zy 
200 1 |a Магнитная обработка водно-дисперсных систем  |f В. И. Миненко 
210 |a Киев  |c Технiка  |d 1970 
215 |a 168 с.  |c ил. 
320 |a Библиогр.: с. 147-166. 
610 1 |a вода 
610 1 |a магнитная обработка 
610 1 |a водно-дисперсные системы 
675 |a 628.16  |v 3 
700 1 |a Миненко  |b В. И.  |g Василий Иванович 
801 1 |a RU  |b 63413507  |c 20060207  |g PSBO 
801 2 |a RU  |b 63413507  |c 20090129  |g PSBO 
942 |c BK